Movies Quiz

Random Movies Quiz

Marx Brothers movies Quiz Stats

 Plays Quiz not verified by Sporcle

Support Sporcle.
Go Orange.
Score 0/13 Timer 05:00
0 Plays Today
Year Movie % Correct
1933Duck Soup
100%
1935A Night at the Opera
95.6%
1937A Day at the Races
88.2%
1932Horse Feathers
82.4%
1930Animal Crackers
75%
1929The Cocoanuts
67.6%
1931Monkey Business
55.9%
1941The Big Store
51.5%
1946A Night in Casablanca
48.5%
1939At the Circus
47.1%
1940Go West
45.6%
1938Room Service
44.1%
1949Love Happy
33.8%

You're not logged in!

Compare scores with friends on all Sporcle quizzes.
OR
Log In

From the Vault

12-Letter Vocabulary (Hard)

by corndog

'Vocabulary' was only ten letters last time we counted.
Remove Ads.
Support Sporcle.
Get the best of Sporcle when you Go Orange. This ad-free experience offers more features, more stats, and more fun while also helping to support Sporcle. Thank you for becoming a member.

Show Comments

Extras

Created Oct 8, 2009ReportNominate
Tags:Brother, Marx, Marx Brothers

Top Quizzes Today


Score Distribution

Your Account Isn't Verified!

In order to create a playlist on Sporcle, you need to verify the email address you used during registration. Go to your Sporcle Settings to finish the process.

Report this User

Report this user for behavior that violates our Community Guidelines.

Details: